Načítá se...

Aadhunik lekhangan viswakosh(v.5): sansthapan lekhangan/

Podrobná bibliografie
Hlavní autor: U C Gupta
Médium: Printed Book
Vydáno: New Delhi: Arjun Publishing House, 2014.
Témata:
LEADER 00614nam a22001697a 4500
020 |a 9788183305389 
082 |a 657.03  |b UCG/A.5 
100 |a U C Gupta  |9 48637 
245 |a Aadhunik lekhangan viswakosh(v.5):  |b sansthapan lekhangan/  |c by U C Gupta. 
260 |a New Delhi:  |b Arjun Publishing House,  |c 2014. 
300 |a 266p. 
650 |a Encyclopaedia Accounting  |9 48638 
650 |a Management  |9 48639 
650 |a Technology  |9 48640 
942 |c BK 
999 |c 71984  |d 71984 
952 |0 0  |1 0  |4 0  |6 R_657_030000000000000_UCG_A_5  |7 0  |9 92609  |a SSUS  |b SSUS  |c REF  |d 2018-06-05  |g 90036.00  |o R 657.03 UCG/A.5  |p 090036  |r 2018-06-05  |w 2018-06-05  |y REF